| 000 | 00362nam a2200133Ia 4500 | ||
|---|---|---|---|
| 008 | 220204s9999 xx 000 0 und d | ||
| 082 |
_a658.15 _bSHU |
||
| 100 | _aMock, Edward J | ||
| 245 | 0 | _aDecision strategies in financial management | |
| 260 |
_aBombay _bTaraporevala _c1973 |
||
| 650 | _aFinancial management | ||
| 700 | _aShuckett, Donald H | ||
| 942 | _cBK | ||
| 999 |
_c30341 _d30341 |
||